Les Simpson - Citations de personnages (2) - Statistiques

Statistiques générales
  • Ce quiz a été pris 40 fois
  • Le résultat moyen est 5 sur 10
Statistiques - réponses
Question Réponse % Correct
Qui a déclaré : "Je quitterai cette ville vivant même si je dois en mourir" Homer
82%
Qui a déclaré : "Pas mes jambes, je m'en sers tout le temps, défonce-moi plutôt le crâne" Homer
73%
Qui a déclaré : "Je bouge si tu te flingues" Wiggum
64%
Qui a déclaré : "Je m'en souviendrai jusqu'à ma mort et même après" Bart
55%
Qui a déclaré : "S'il était aussi malin, pourquoi qu'il est mort" Homer
55%
Qui a déclaré : "Je préfère les illusions au désespoir" Nelson
55%
Qui a déclaré : "Tais-toi le cerveau ou je te tue avec un coton tige" Homer
45%
Qui a déclaré : "Je suis là parce que je n’ai nulle part d’autre où aller" Kirk
36%
Qui a déclaré : "Et moi je rigolerai du fond de ma tombe" Homer
27%
Qui a déclaré : "Je vous avais dit que je reviendrai" McBain
9%
Aucun quiz correspondant
Distribution des résultats
% des personnes avec chaque résultat
Percentile par nombre de réponses
Votre historique - résultats
Vous n’avez pas pris ce quiz